| 000 | 00583nam a22002057a 4500 | ||
|---|---|---|---|
| 010 | _aA-710580 | ||
| 020 | _c250.00 | ||
| 035 | _aA-710580 | ||
| 037 | _bCen Lib / Ret | ||
| 040 |
_aDPL _bEN |
||
| 082 |
_a346.024 _bVEN |
||
| 100 | _aVenkataraman, C. | ||
| 245 |
_aService law in practice / _cby C Venkataraman |
||
| 260 |
_aMadras _bMadras Book Agency _c1993 |
||
| 270 |
_a156, Thambu Chetty Street _bMadras _e600001 |
||
| 300 |
_av 2. 878p _b24cm(Hb) |
||
| 650 | _aCivil service -- India. | ||
| 650 | _aCivil service. | ||
| 942 |
_2ddc _cEN _h346.024 _mVEN |
||
| 999 |
_c136546 _d136546 |
||